000 00301nam a2200121Ia 4500
008 190216s9999||||xx |||||||||||||| ||und||
100 _aNarayanan S And Manicavachagom Pillay T K
245 0 _aCalculus Vol2
260 _bViswanathan S.
_c1999
300 _a446p
650 _aMathematics
942 _cBK
999 _c31008
_d31008